| 000 | 00385nam a2200145Ia 4500 | ||
|---|---|---|---|
| 008 | 230917s9999||||xx |||||||||||||| ||und|| | ||
| 040 |
_e198693 _aMAIN |
||
| 041 | _aEnglish | ||
| 082 | _a658.8 C626M | ||
| 100 | _aClow, Kenneth E | ||
| 245 | 0 | _aMarketing management: A consumer-oriented approach | |
| 260 |
_aLos Angeles _bSage Publications _c2010 |
||
| 300 | _a537 p. | ||
| 942 | _cBK | ||
| 999 |
_c163021 _d163021 |
||